=LDR 00000nam 2200000 4500 =001 INLIS000000000034600 =005 20130612140511 =008 ***********************************ind** =035 ##$$0010-061300000034600 =041 ##$$a ind =082 ##$$a 028.5 =090 ##$$a 028.5, Man,b =100 ##$$a Man-Komg, Mary =245 ##$$a Barbie Thumbeline, Mary Man-Kong; Alih Bahasa, Ramayanti =260 ##$$a 2009 $b Jakarta =300 ##$$a 15 hlm., Illus, 20 cm =650 ##$$a Bacaan Kanak-Kanak =700 ##$$a Ramayanti =850 ##$$a NBPNMAT